000 00388nmm a2200145Ia 4500
008 251105s9999||||xx |||||||||||||||||und||
041 _aspa
100 _aKeats, Isabel
245 0 _aAbraza mi oscuridad
264 _a[Madrid, España] :
_bEdiciones B,
_c2014
300 _a314 páginas
650 _aRomance
856 _uhttps://public.digitaliapublishing.com/a/54065
942 _cCF
999 _c104951
_d104951